Jubilantka Doc. Ing. Anna Kvietková, CSc.

Enregistré dans:
Détails bibliographiques
Auteur principal: Máziková, Katarína
Format: Chapitre de livre
Langue:slovaque
Tags: Ajouter un tag
Pas de tags, Soyez le premier à ajouter un tag!

MARC

LEADER 00000naa$a2200000$$$4500
001 0072073
005 20240502071844.3
041 0 |a slo 
044 |a SK 
245 1 0 |a Jubilantka Doc. Ing. Anna Kvietková, CSc.  |c Katarína Máziková 
100 1 |a Máziková, Katarína